pays avec un nom composé - Statistiques

Statistiques générales
  • Ce quiz a été pris 230 fois
  • Le résultat moyen est 22 sur 34
Statistiques - réponses
pays % Correct
états unis
84%
corée du sud
83%
corée du nord
82%
république démocratique du congo
79%
antigua et barbuda
78%
saint Vincent et les grenadines
77%
nouvelle zelande
76%
république dominicaine
76%
afrique du sud
75%
sainte lucie
74%
royaume uni
73%
arabie saoudite
70%
saint marin
70%
guinée bissau
69%
soudan du sud
69%
trinité et tobago
69%
guinée équatoriale
68%
papouasie nouvelleguinée
68%
émirats arabes unis
67%
cap vert
66%
sao tomé et principe
66%
republique centrafricaine
65%
bosnie herzegovine
64%
pays bas
63%
république tchèque
63%
costa rica
62%
sri lanka
56%
burkina faso
55%
macédoine du nord
48%
sierra leone
45%
timor oriental
45%
côte d'ivoire
42%
viêt nam
34%
saint christophe et nives
8%
Aucun quiz correspondant
Distribution des résultats
% des personnes avec chaque résultat
Percentile par nombre de réponses
Votre historique - résultats
Vous n’avez pas pris ce quiz